[Event "40th Annual World Open"]
[Site "Philadelphia USA"]
[Date "2012.07.07"]
[Round "6"]
[White "Smirin, Ilia"]
[Black "Molner, Mackenzie"]
[Result "1-0"]
[WhiteTitle "GM"]
[BlackTitle "IM"]
[WhiteElo "2647"]
[BlackElo "2479"]
[WhiteFideId "2801990"]
[BlackFideId "2021722"]
[EventDate "2012.07.03"]
[EventType "swiss"]

1. e4 c5 2. Nf3 d6 3. d4 cxd4 4. Nxd4 Nf6 5. Nc3 a6 6. f4 e5 7. Nf3 Nbd7 8. a4
Be7 9. Bc4 O-O 10. Qe2 b6 11. O-O Bb7 12. Kh1 Qc7 13. fxe5 dxe5 14. Bg5 Bb4 15.
Nd5 Nxd5 16. exd5 h6 17. Bxh6 gxh6 18. Nh4 Qd8 19. Nf5 Qf6 20. c3 Bc5 21. b4 Kh7
22. Ng3 Qg7 23. bxc5 Nxc5 24. Nh5 Qg5 25. Nf6+ Kh8 26. Rab1 Bc8 27. Rxb6 Nd7 28.
Ne4 Qg7 29. Rc6 1-0

[Event "40th Annual World Open"]
[Site "Philadelphia USA"]
[Date "2012.07.07"]
[Round "6"]
[White "Ludwig, Daniel"]
[Black "Iturrizaga, Eduardo"]
[Result "1/2-1/2"]
[WhiteTitle "IM"]
[BlackTitle "GM"]
[WhiteElo "2482"]
[BlackElo "2628"]
[WhiteFideId "2024322"]
[BlackFideId "3901211"]
[EventDate "2012.07.03"]
[EventType "swiss"]

1. d4 Nf6 2. c4 e6 3. Nc3 Bb4 4. Qc2 c5 5. dxc5 Nc6 6. Nf3 O-O 7. a3 Bxc5 8. Bg5
b6 9. e3 Bb7 10. Be2 h6 11. Bh4 Be7 12. O-O Nh5 13. Bxe7 Qxe7 14. Rfd1 Rfd8 15.
Rac1 Nf6 16. Nd4 Rac8 17. Nxc6 Bxc6 18. Qb3 d6 19. Bf1 Ne4 20. Nxe4 Bxe4 21. Qb4
Bb7 22. Rd2 Qc7 23. Rcd1 1/2-1/2

[Event "40th Annual World Open"]
[Site "Philadelphia USA"]
[Date "2012.07.07"]
[Round "6"]
[White "Romanenko, Vladimir"]
[Black "Romanov, Evgeny"]
[Result "1-0"]
[WhiteTitle "GM"]
[BlackTitle "GM"]
[WhiteElo "2463"]
[BlackElo "2623"]
[WhiteFideId "13502921"]
[BlackFideId "4148843"]
[EventDate "2012.07.03"]
[EventType "swiss"]

1. e4 c5 2. Nc3 a6 3. g3 b5 4. Bg2 Bb7 5. a3 e6 6. Nh3 Nf6 7. d3 d5 8. exd5 Nxd5
9. Ne4 Nc6 10. O-O Be7 11. Bg5 f6 12. Bd2 O-O 13. c4 bxc4 14. dxc4 Nb6 15. Nf4
Qc8 16. Be3 Nd8 17. b4 Nd7 18. Rb1 cxb4 19. axb4 Ne5 20. c5 f5 21. Nd6 Bxd6 22.
Qxd6 Bxg2 23. Kxg2 Nef7 24. Qd3 Nc6 25. Qc4 Re8 26. f3 Ra7 27. Rfd1 Qa8 28. Qc3
Ng5 29. Rd6 Rae7 30. Ng6 hxg6 31. Bxg5 Rc7 32. Re1 Kf7 33. Qc4 Qc8 34. Re2 Nb8
35. Bf4 Rc6 36. Red2 Qb7 37. Rd8 Rxd8 38. Rxd8 Nd7 39. Qd4 Nf6 40. Be5 Nd5 41.
Qh4 1-0

[Event "40th Annual World Open"]
[Site "Philadelphia USA"]
[Date "2012.07.07"]
[Round "7"]
[White "Bosiocic, Marin"]
[Black "Sokolov, Ivan"]
[Result "0-1"]
[WhiteTitle "GM"]
[BlackTitle "GM"]
[WhiteElo "2570"]
[BlackElo "2676"]
[WhiteFideId "14507927"]
[BlackFideId "14400030"]
[EventDate "2012.07.03"]
[EventType "swiss"]

1. c4 e6 2. Nf3 d5 3. g3 Nf6 4. Bg2 Be7 5. O-O Nc6 6. d4 O-O 7. Bg5 dxc4 8. e3
Rb8 9. a4 Na5 10. Nbd2 h6 11. Bxf6 Bxf6 12. Qc2 c5 13. dxc5 b5 14. Rfd1 Qc7 15.
Nd4 a6 16. axb5 axb5 17. Qc3 b4 18. Qc2 e5 19. Ne2 Qxc5 20. Ne4 Qc7 21. Nxf6+
gxf6 22. Bd5 Kh8 23. Qe4 Rb5 24. Qh4 Kg7 25. g4 Rd8 26. e4 Rd6 27. Ng3 c3 28.
bxc3 bxc3 29. Nh5+ Kg6 30. Rac1 c2 31. Nf4+ Kh7 32. Rd3 Rb1 33. Ne2 Ba6 34. Rh3
f5 35. Rc3 Rxc1+ 36. Kg2 Qxc3 37. Qe7 Rg1+ 38. Nxg1 Bf1+ 39. Kh1 Qc8 40. Bxf7
Qd7 41. Qf8 Qd8 42. Be8 Qf6 0-1

[Event "40th Annual World Open"]
[Site "Philadelphia USA"]
[Date "2012.07.07"]
[Round "7"]
[White "Shabalov, Alexander"]
[Black "Gupta, Abhijeet"]
[Result "1-0"]
[WhiteTitle "GM"]
[BlackTitle "GM"]
[WhiteElo "2534"]
[BlackElo "2627"]
[WhiteFideId "2008572"]
[BlackFideId "5010608"]
[EventDate "2012.07.03"]
[EventType "swiss"]

1. c4 Nf6 2. Nc3 d5 3. d4 g6 4. Nf3 Bg7 5. Qb3 dxc4 6. Qxc4 O-O 7. e4 a6 8. e5
b5 9. Qb3 Nfd7 10. Be2 c5 11. e6 cxd4 12. exf7+ Kh8 13. Ne4 Nc6 14. h4 h6 15. h5
g5 16. Bxg5 Nde5 17. Bf4 Bf5 18. Nxe5 Bxe5 19. Qf3 Qd5 20. Ng3 Be6 21. Rc1 Bxf4
22. Qxf4 Rxf7 23. Qxh6+ Rh7 24. Qf4 Qe5 25. Rh4 Qxf4 26. Rxf4 Bd5 27. Rc5 Rd8
28. Bf3 Ne5 29. Rxd4 Nxf3+ 30. gxf3 e6 31. f4 Rf8 32. b3 Rhf7 33. f5 Rf6 34. Kd2
Kh7 35. Kc3 Kh6 36. Kb4 1-0

[Event "40th Annual World Open"]
[Site "Philadelphia USA"]
[Date "2012.07.07"]
[Round "7"]
[White "So, Wesley"]
[Black "Kolev, Atanas"]
[Result "1-0"]
[WhiteTitle "GM"]
[BlackTitle "GM"]
[WhiteElo "2650"]
[BlackElo "2604"]
[WhiteFideId "5202213"]
[BlackFideId "2900130"]
[EventDate "2012.07.03"]
[EventType "swiss"]

1. e4 e5 2. Nf3 Nc6 3. Bb5 a6 4. Bxc6 dxc6 5. O-O Bg4 6. h3 Bh5 7. g4 Bg6 8.
Nxe5 Qh4 9. Qf3 f6 10. Nxg6 hxg6 11. Kg2 g5 12. d3 Ne7 13. Rh1 Qh7 14. Kf1 O-O-O
15. Be3 Kb8 16. Nd2 Qg8 17. Nc4 Ng6 18. Qf5 Rh6 19. a4 Bb4 20. Qf3 Qh7 21. Ke2
Nh4 22. Qg3 Ng6 23. Qf3 Nh4 24. Qg3 Ng6 25. c3 Be7 26. b4 Rh8 27. b5 Rxh3 28.
Rxh3 Qxh3 29. Qxh3 Rxh3 30. bxc6 bxc6 31. Na5 Kc8 32. Nxc6 Bd6 33. d4 Bf4 34.
Rb1 Bxe3 35. fxe3 Rg3 36. d5 Kd7 37. Rb8 Kd6 38. Rd8+ Kc5 39. Rd7 Rxg4 40. Rxg7
Nh4 41. Rxc7 Kd6 42. Re7 Rg2+ 43. Kf1 g4 44. Re6+ Kc7 45. Rxf6 g3 46. Rf7+ Kd6
47. Rf6+ Kc7 48. Rf3 Kd6 49. Nd4 1-0

[Event "40th Annual World Open"]
[Site "Philadelphia USA"]
[Date "2012.07.07"]
[Round "7"]
[White "Shulman, Yuri"]
[Black "Erenburg, Sergey"]
[Result "1/2-1/2"]
[WhiteTitle "GM"]
[BlackTitle "GM"]
[WhiteElo "2588"]
[BlackElo "2624"]
[WhiteFideId "13500520"]
[BlackFideId "2805642"]
[EventDate "2012.07.03"]
[EventType "swiss"]

1. d4 d5 2. c4 c6 3. Nf3 Nf6 4. Nc3 a6 5. a4 e6 6. Bg5 a5 7. e3 Be7 8. Be2 O-O
9. O-O Na6 10. Qb3 Nb4 11. Rfd1 b6 12. Na2 Nxa2 13. Qxa2 Nd7 14. Bxe7 Qxe7 15.
Rac1 Bb7 16. Qb3 Rab8 17. cxd5 exd5 18. Bd3 g6 19. Re1 Rfe8 20. h3 Qd6 21. Rc3
c5 22. Bb5 Bc6 23. Qa3 Bxb5 24. axb5 Rec8 25. Rec1 Qf8 26. Qa2 Qd6 27. R3c2 Ra8
28. Qa3 1/2-1/2

[Event "40th Annual World Open"]
[Site "Philadelphia USA"]
[Date "2012.07.07"]
[Round "7"]
[White "Stripunsky, Alexander"]
[Black "Kacheishvili, Giorgi"]
[Result "1/2-1/2"]
[WhiteTitle "GM"]
[BlackTitle "GM"]
[WhiteElo "2553"]
[BlackElo "2605"]
[WhiteFideId "2015315"]
[BlackFideId "13600613"]
[EventDate "2012.07.03"]
[EventType "swiss"]

1. e4 c5 2. Nf3 d6 3. c3 Nf6 4. Be2 Bg4 5. O-O e6 6. Ng5 Bxe2 7. Qxe2 Nc6 8. f4
Be7 9. Na3 O-O 10. d3 d5 11. e5 Nd7 12. Nf3 c4 13. dxc4 Bxa3 14. bxa3 Nb6 15.
cxd5 Nxd5 16. Bd2 Qe7 17. Ng5 Rad8 18. Rf3 h6 19. Ne4 f6 20. exf6 Nxf6 21. Nxf6+
Rxf6 22. Be1 Rf5 23. Bf2 Rdf8 24. Qe4 e5 25. Re1 1/2-1/2

[Event "40th Annual World Open"]
[Site "Philadelphia USA"]
[Date "2012.07.07"]
[Round "7"]
[White "Gelashvili, Tamaz"]
[Black "Jankovic, Alojzije"]
[Result "1/2-1/2"]
[WhiteTitle "GM"]
[BlackTitle "GM"]
[WhiteElo "2604"]
[BlackElo "2543"]
[WhiteFideId "13600702"]
[BlackFideId "14505959"]
[EventDate "2012.07.03"]
[EventType "swiss"]

1. d4 Nf6 2. Nf3 g6 3. c4 Bg7 4. Nc3 O-O 5. e4 d6 6. Be2 e5 7. O-O Nbd7 8. Be3
c6 9. Qc2 Qe7 10. Rad1 b6 11. d5 c5 12. Ne1 Kh8 13. Nd3 Ng8 14. f3 Bh6 15. Bxh6
Nxh6 16. b4 f5 17. bxc5 bxc5 18. Rb1 fxe4 19. fxe4 Rxf1+ 20. Rxf1 Rb8 21. Qd2
Kg7 22. Nc1 a6 23. Nb3 Qd8 24. Qe3 Nf6 25. h3 Nhg8 26. Rf2 h6 1/2-1/2

[Event "40th Annual World Open"]
[Site "Philadelphia USA"]
[Date "2012.07.07"]
[Round "7"]
[White "Smirin, Ilia"]
[Black "Arnold, Marc T"]
[Result "1/2-1/2"]
[WhiteTitle "GM"]
[BlackTitle "IM"]
[WhiteElo "2647"]
[BlackElo "2529"]
[WhiteFideId "2801990"]
[BlackFideId "2022320"]
[EventDate "2012.07.03"]
[EventType "swiss"]

1. e4 c5 2. Nf3 d6 3. d4 cxd4 4. Nxd4 Nf6 5. Nc3 a6 6. Be2 e5 7. Nb3 Be7 8. O-O
Be6 9. f4 exf4 10. Bxf4 Nc6 11. Nd4 Nxd4 12. Qxd4 O-O 13. Rad1 Qa5 14. Kh1 Rad8
15. Nd5 Bxd5 16. exd5 Rfe8 17. Bd2 Qc5 18. Qd3 Nd7 19. b4 Qc7 20. c4 Bf6 21. Rc1
b6 22. Rf2 Re7 23. Bg4 Bb2 24. Rcf1 Ne5 25. Qh3 Nxg4 26. Qxg4 Rde8 27. h3 Re4
28. Qh5 g6 29. Qg5 Rxc4 30. Rxf7 Qxf7 31. Rxf7 Kxf7 32. Bf4 Bf6 33. Qg3 Rxb4 34.
Bxd6 Rd4 35. Qb3 b5 36. Bg3 Kg7 37. d6 h5 38. h4 Be5 1/2-1/2

[Event "40th Annual World Open"]
[Site "Philadelphia USA"]
[Date "2012.07.07"]
[Round "7"]
[White "Kekelidze, Mikheil"]
[Black "Robson, Ray"]
[Result "0-1"]
[WhiteTitle "GM"]
[BlackTitle "GM"]
[WhiteElo "2494"]
[BlackElo "2601"]
[WhiteFideId "13600818"]
[BlackFideId "2023970"]
[EventDate "2012.07.03"]
[EventType "swiss"]

1. Nf3 Nf6 2. c4 g6 3. Nc3 d5 4. cxd5 Nxd5 5. e4 Nxc3 6. dxc3 Qxd1+ 7. Kxd1 f6
8. Be3 e5 9. Kc2 Nd7 10. Nd2 Bc5 11. Bxc5 Nxc5 12. b4 Ne6 13. Nc4 Ke7 14. Na5
Bd7 15. a4 b6 16. Nc4 a5 17. b5 Nc5 18. Ne3 Be6 19. Bc4 Nxe4 20. Bd5 Nxf2 21.
Bxa8 Nxh1 22. Bf3 Nf2 23. Rf1 e4 24. Rxf2 exf3 25. Rxf3 Rd8 26. g4 Rh8 27. Rg3
h5 28. g5 h4 29. Rg1 fxg5 30. Rxg5 Kf6 31. Rg1 g5 32. Kd3 Rd8+ 33. Ke2 Kg6 34.
Rc1 g4 35. c4 Rd4 36. c5 Rxa4 37. cxb6 cxb6 38. Rc6 Kf7 39. Rxb6 Ra2+ 40. Kd3
Rxh2 41. Rb7+ Kf6 42. Rh7 Bf5+ 43. Nxf5 Kxf5 44. b6 g3 45. b7 Rb2 46. Rxh4 g2
47. Rh5+ Kg6 48. Rh8 Rxb7 0-1

[Event "40th Annual World Open"]
[Site "Philadelphia USA"]
[Date "2012.07.07"]
[Round "7"]
[White "Romanenko, Vladimir"]
[Black "Benjamin, Joel"]
[Result "1-0"]
[WhiteTitle "GM"]
[BlackTitle "GM"]
[WhiteElo "2463"]
[BlackElo "2559"]
[WhiteFideId "13502921"]
[BlackFideId "2000091"]
[EventDate "2012.07.03"]
[EventType "swiss"]

1. e4 e5 2. Nf3 Nc6 3. Bc4 Nf6 4. Ng5 d5 5. exd5 Nd4 6. c3 Nf5 7. O-O Nxd5 8.
Re1 f6 9. d4 c6 10. Nf3 Be7 11. dxe5 O-O 12. Nbd2 Kh8 13. Ne4 fxe5 14. Nxe5 Nd6
15. Bxd5 cxd5 16. Qxd5 Nxe4 17. Qxe4 Bd6 18. Bf4 Qc7 19. Rad1 Bf5 20. Qd5 Bxe5
21. Bxe5 Qf7 22. Qxf7 Rxf7 23. f3 Kg8 24. Kf2 a6 25. c4 Re8 26. c5 Rfe7 27. f4
Bd7 28. Rd4 Bc6 29. Red1 Kf7 30. g3 Re6 31. h4 g6 32. g4 h6 33. Kg3 g5 34. Rd6
gxf4+ 35. Bxf4 Re2 36. Rf1 h5 37. gxh5 Be4 38. Rf2 Rxf2 39. Kxf2 Re6 40. Rd2 Rf6
41. Ke3 Bc6 42. h6 Re6+ 43. Kd3 Re7 44. Kc3 Kg6 45. Rd6+ Kh7 46. Rf6 Bd5 47. b3
a5 48. Rd6 Bc6 49. a3 Bb5 50. Bg5 Rf7 51. Re6 Bd7 52. Re3 Bb5 53. Kd4 Rd7+ 54.
Ke5 Bc6 55. Kf6 Bd5 56. b4 axb4 57. axb4 Rf7+ 58. Ke5 Bc6 59. Ke6 Rd7 60. Kf6 1-0

[Event "40th Annual World Open"]
[Site "Philadelphia USA"]
[Date "2012.07.07"]
[Round "7"]
[White "Evdokimov, Alexander A."]
[Black "Arias Santana, Mauricio"]
[Result "1-0"]
[WhiteTitle "GM"]
[BlackTitle "IM"]
[WhiteElo "2544"]
[BlackElo "2316"]
[WhiteFideId "4139275"]
[BlackFideId "6500366"]
[EventDate "2012.07.03"]
[EventType "swiss"]

1. d4 Nf6 2. Nf3 e6 3. c4 Bb4+ 4. Bd2 a5 5. g3 d5 6. Bg2 Nc6 7. a3 Be7 8. O-O
dxc4 9. Qa4 O-O 10. Qxc4 Qd5 11. Qd3 Qf5 12. Qxf5 exf5 13. Nc3 Be6 14. Rac1 a4
15. Nb5 Nd5 16. Rc2 Rfd8 17. Rfc1 Rd7 18. Ne1 Ra6 19. e3 Rb6 20. Nc3 Nxc3 21.
Bxc3 Bb3 22. Rd2 Bd5 23. Bf1 Rd8 24. Nd3 Bd6 25. Nc5 Ra8 26. Nd7 Rb3 27. Be2 b6
28. Ne5 Ne7 29. Nd3 g5 30. Bb4 Be4 31. Bxd6 cxd6 32. Nb4 Nd5 33. f3 Nxb4 34.
fxe4 fxe4 35. axb4 Rxe3 36. Rc6 Rb8 37. Rxd6 Rb3 1-0

[Event "40th Annual World Open"]
[Site "Philadelphia USA"]
[Date "2012.07.07"]
[Round "7"]
[White "Bryant, John Daniel"]
[Black "Sethuraman, S.P."]
[Result "1/2-1/2"]
[WhiteTitle "FM"]
[BlackTitle "GM"]
[WhiteElo "2377"]
[BlackElo "2535"]
[WhiteFideId "2031280"]
[BlackFideId "5021596"]
[EventDate "2012.07.03"]
[EventType "swiss"]

1. e4 g6 2. d4 Bg7 3. Nc3 d6 4. g3 Nc6 5. Be3 Nf6 6. h3 e5 7. Nge2 exd4 8. Nxd4
O-O 9. Bg2 Ne5 10. O-O Re8 11. a4 c6 12. b3 a6 13. Kh2 h5 14. Qd2 h4 15. g4
Nfxg4+ 16. hxg4 Nxg4+ 17. Kh1 h3 18. Bf3 c5 19. Bxg4 cxd4 20. Bxd4 Bxg4 21. Bxg7
Kxg7 22. Qd4+ Kg8 23. f3 Be6 24. f4 Qh4 25. f5 Bxf5 26. Rxf5 gxf5 27. Rg1+ Kf8
28. Qxd6+ Re7 29. exf5 f6 30. Rg3 Rc8 31. Re3 Re8 32. Nd5 Qg5 33. Rg3 Qxf5 34.
Nxe7 Qe4+ 35. Kg1 Qe1+ 36. Kh2 Qxe7 37. Qf4 Kf7 38. Qc4+ Qe6 39. Qxe6+ Rxe6 40.
Rxh3 Re2+ 41. Kg1 Kg6 42. Rc3 f5 43. Rc7 Kg5 44. Kf1 Rh2 45. Rxb7 Rxc2 46. Re7
Kg4 47. Re2 Rc1+ 48. Re1 Rc3 49. b4 f4 50. b5 axb5 51. axb5 Kg3 52. Rb1 Rc8 53.
b6 Rh8 54. Kg1 f3 55. Rb3 Re8 56. Rb1 Rh8 57. Rb3 Ra8 58. Rb1 1/2-1/2

[Event "40th Annual World Open"]
[Site "Philadelphia USA"]
[Date "2012.07.07"]
[Round "7"]
[White "Mitkov, Nikola"]
[Black "Colas, Joshua"]
[Result "1-0"]
[WhiteTitle "GM"]
[WhiteElo "2527"]
[BlackElo "2126"]
[WhiteFideId "15000290"]
[BlackFideId "2044447"]
[EventDate "2012.07.03"]
[EventType "swiss"]

1. e4 c5 2. Nc3 e6 3. Nf3 a6 4. d4 cxd4 5. Nxd4 b5 6. Bd3 Qb6 7. Nb3 Qc7 8. O-O
Bb7 9. Bd2 d6 10. Qe1 Nf6 11. a4 bxa4 12. Nxa4 Nc6 13. Na5 Be7 14. Nxb7 Qxb7 15.
f4 e5 16. Bc3 exf4 17. Rxf4 O-O 18. Rf5 Nd7 19. Bc4 Nce5 20. Bd5 Qa7+ 21. Kh1
Rab8 22. Rd1 Ng6 23. Bb3 Nde5 24. Bd4 Qc7 25. Nc3 Qb7 26. Nd5 Nc6 27. Bc3 Bh4
28. Qe3 Nce5 29. Rdf1 Bd8 30. Qh3 Qb5 31. Ra1 Qe2 32. Qe3 Qb5 33. h3 h6 34. Qf2
Rb7 35. Qf1 Qxf1+ 36. Rfxf1 Ra7 37. Bb4 a5 38. Bxd6 Re8 39. Bc5 Ra8 40. Ra4 Kh7
41. Ne3 Rc8 42. Bd4 f6 43. Nf5 Bc7 44. Bd5 Ne7 45. Nxe7 Rxe7 46. c3 Rb8 47. b4
axb4 48. Rxb4 Bd6 49. Rxb8 Bxb8 50. Ra1 Kg6 51. c4 Nd3 52. Rd1 Nf4 53. Bf2 Ne2
54. Re1 Nf4 55. Rb1 Be5 56. c5 f5 57. c6 fxe4 58. Bxe4+ Kf6 59. Bc5 Rf7 60. Rf1
Ke6 61. Bc2 Rc7 62. Bb3+ Kf5 63. Bd5 Kg6 64. Be4+ Kh5 65. g3 Ne2 66. Rf5+ g5 67.
Bf3+ Kg6 68. Rxe5 1-0

[Event "40th Annual World Open"]
[Site "Philadelphia USA"]
[Date "2012.07.07"]
[Round "7"]
[White "Lenderman, Aleksandr"]
[Black "Garcia, Gildardo"]
[Result "1-0"]
[WhiteTitle "GM"]
[BlackTitle "GM"]
[WhiteElo "2613"]
[BlackElo "2418"]
[WhiteFideId "2021285"]
[BlackFideId "4400020"]
[EventDate "2012.07.03"]
[EventType "swiss"]

1. d4 d5 2. Nf3 e6 3. c4 Nf6 4. g3 c6 5. Bg2 Nbd7 6. Qc2 b6 7. Nbd2 Bb7 8. O-O
c5 9. dxc5 Bxc5 10. Ng5 h6 11. Nh3 Rc8 12. Qd1 O-O 13. Nf4 Ne5 14. b3 Qd7 15.
Bb2 d4 16. Bxb7 Qxb7 17. Nf3 Nxf3+ 18. exf3 Rfd8 19. Nd3 Be7 20. Rc1 Nd7 21.
Bxd4 e5 22. Bb2 Nc5 23. Nxc5 Bxc5 24. Qe2 Bd4 25. Kg2 Bxb2 26. Qxb2 Rd3 27. Qe2
Rcd8 28. Rfd1 R3d4 29. Rxd4 exd4 30. Qd3 Qe7 31. Rc2 Qc5 32. Rb2 Qb4 33. Rc2 a5
34. h4 a4 35. h5 axb3 36. axb3 Qc5 37. g4 f5 38. Re2 fxg4 39. fxg4 Qc6+ 40. f3
Qc5 41. Re6 Kf8 42. Qh7 Qg5 43. Rg6 Qe5 44. Qh8+ Kf7 45. Rxg7+ 1-0

[Event "40th Annual World Open"]
[Site "Philadelphia USA"]
[Date "2012.07.07"]
[Round "7"]
[White "Sarkar, Justin"]
[Black "Vidit, Santosh Gujrathi"]
[Result "1/2-1/2"]
[WhiteTitle "IM"]
[BlackTitle "IM"]
[WhiteElo "2396"]
[BlackElo "2530"]
[WhiteFideId "2010011"]
[BlackFideId "5029465"]
[EventDate "2012.07.03"]
[EventType "swiss"]

1. d4 Nf6 2. c4 e6 3. Nc3 Bb4 4. Qc2 O-O 5. a3 Bxc3+ 6. Qxc3 d6 7. g3 e5 8. dxe5
dxe5 9. Bg2 Re8 10. Bg5 h6 11. Rd1 Qe7 12. Bxf6 Qxf6 13. Nf3 Nc6 14. b4 Bg4 15.
h3 Bxf3 16. Bxf3 Rab8 17. Be4 Nd4 18. e3 c6 19. exd4 exd4 20. Qxd4 Qf3 21. O-O
Qxe4 22. Qxa7 Qxc4 23. Rfe1 Qb3 1/2-1/2

[Event "40th Annual World Open"]
[Site "Philadelphia USA"]
[Date "2012.07.07"]
[Round "7"]
[White "Liu, Qingnan"]
[Black "Norowitz, Yaacov"]
[Result "1-0"]
[WhiteTitle "IM"]
[WhiteElo "2509"]
[BlackElo "2388"]
[WhiteFideId "8603294"]
[BlackFideId "2024799"]
[EventDate "2012.07.03"]
[EventType "swiss"]

1. e4 c6 2. d4 d5 3. e5 Bf5 4. Nf3 e6 5. Be2 Nd7 6. O-O Ne7 7. Be3 Bg6 8. Nh4 c5
9. c3 Qb6 10. Na3 a6 11. Qd2 cxd4 12. Bxd4 Qa5 13. f4 Nc6 14. Nxg6 hxg6 15. Nc2
Nxd4 16. Nxd4 Be7 17. a4 Rc8 18. Rfc1 O-O 19. b4 Qd8 20. Bg4 Nxe5 21. fxe5 Bg5
22. Qe1 Bxc1 23. Rxc1 Rc4 24. Qe3 Qh4 25. Be2 Rc7 26. g3 Qh6 27. Qxh6 gxh6 28.
Bd3 Rfc8 29. Ne2 d4 30. c4 a5 31. Rb1 Ra8 32. Kf2 axb4 33. Rxb4 Ra5 34. Nxd4
Rxe5 35. Rb5 Rec5 36. Ke3 Rg5 37. Nf3 Rgc5 38. Kd4 R5c6 39. Ne5 Rd6+ 40. Kc3 b6
41. c5 bxc5 42. a5 c4 43. Nxc4 Rd5 44. Rb8+ Kg7 45. a6 Ra5 46. Rb7 Rc8 47. Rb6
Ra3+ 48. Kd2 Ra2+ 49. Ke3 Rxh2 50. Nd6 Rf8 51. a7 Ra2 52. Ra6 Rxa6 53. Bxa6 Ra8
54. Nb5 f5 55. Bb7 Rxa7 56. Nxa7 e5 57. Nc6 Kf6 58. Bc8 h5 59. Bd7 g5 60. Kf3 h4
61. gxh4 gxh4 62. Bc8 e4+ 63. Kf4 1-0

[Event "40th Annual World Open"]
[Site "Philadelphia USA"]
[Date "2012.07.07"]
[Round "7"]
[White "Shyam, Nikil P."]
[Black "Burnett, Ronald"]
[Result "1/2-1/2"]
[WhiteTitle "IM"]
[BlackTitle "IM"]
[WhiteElo "2502"]
[BlackElo "2350"]
[WhiteFideId "5024218"]
[BlackFideId "2002159"]
[EventDate "2012.07.03"]
[EventType "swiss"]

1. e4 g6 2. d4 d6 3. Be3 Bg7 4. Nc3 c6 5. a4 Nf6 6. f3 Qa5 7. Ne2 Nbd7 8. Nc1
O-O 9. Qd2 e5 10. Nb3 Qc7 11. Be2 d5 12. exd5 Nxd5 13. Nxd5 cxd5 14. dxe5 Nxe5
15. Bd4 Bf5 16. Rc1 Bd7 17. Nc5 Rad8 18. Nxd7 Rxd7 19. b3 Re8 20. O-O 1/2-1/2

[Event "40th Annual World Open"]
[Site "Philadelphia USA"]
[Date "2012.07.07"]
[Round "7"]
[White "Karavade, Eesha"]
[Black "Ludwig, Daniel"]
[Result "1-0"]
[WhiteTitle "IM"]
[BlackTitle "IM"]
[WhiteElo "2343"]
[BlackElo "2482"]
[WhiteFideId "5012600"]
[BlackFideId "2024322"]
[EventDate "2012.07.03"]
[EventType "swiss"]

1. Nf3 d5 2. c4 c6 3. g3 Bg4 4. Bg2 e6 5. O-O Nd7 6. cxd5 exd5 7. d3 Ngf6 8. Nc3
Be7 9. Qc2 O-O 10. e4 Qa5 11. h3 dxe4 12. dxe4 Bxf3 13. Bxf3 Rad8 14. Bd2 Rfe8
15. Rad1 Bf8 16. Rfe1 Qc7 17. Bg2 Nc5 18. Bf4 Qa5 19. Rxd8 Rxd8 20. Rd1 Rxd1+
21. Qxd1 Ne6 22. e5 Ne8 23. Ne4 Nxf4 24. gxf4 Qc7 25. Qd4 a6 26. Bf1 h6 27. Bd3
Qe7 28. Ng3 g6 29. f5 gxf5 30. Nxf5 Qg5+ 31. Qg4 Qxg4+ 32. hxg4 Nc7 33. Kg2 b5
34. f4 c5 35. Kf3 c4 36. Be4 a5 37. Nd6 f6 38. Bc6 fxe5 39. fxe5 Be7 40. Bxb5
Nxb5 41. Nxb5 Kf7 42. Kf4 Ke6 43. Ke4 Bg5 44. Nd6 1-0

[Event "40th Annual World Open"]
[Site "Philadelphia USA"]
[Date "2012.07.07"]
[Round "7"]
[White "Romanov, Evgeny"]
[Black "Black, James A"]
[Result "1-0"]
[WhiteTitle "GM"]
[WhiteElo "2623"]
[BlackElo "2232"]
[WhiteFideId "4148843"]
[BlackFideId "2048280"]
[EventDate "2012.07.03"]
[EventType "swiss"]

1. e4 c6 2. d4 d5 3. exd5 cxd5 4. Bd3 Nc6 5. c3 Nf6 6. Bf4 Bg4 7. Qb3 Na5 8.
Qa4+ Bd7 9. Qc2 g6 10. Nf3 Bg7 11. O-O O-O 12. h3 Rc8 13. Re1 Re8 14. Ne5 b5 15.
Nxd7 Qxd7 16. a4 b4 17. Ba6 Rcd8 18. Nd2 e6 19. Nf3 Qe7 20. Bb5 b3 21. Qd1 Rf8
22. Nd2 Nh5 23. Bh2 Bh6 24. Nxb3 Nxb3 25. Qxb3 Nf4 26. Bf1 Rb8 27. Qc2 Rfc8 28.
Rab1 Qb4 29. Qd1 Qd6 30. Qg4 Re8 31. Kh1 f6 32. Bb5 Re7 33. c4 dxc4 34. Re4 e5
35. dxe5 fxe5 36. Rd1 Qf6 37. Rxc4 Rf8 38. Rc8 Bg7 39. Bc4+ Kh8 40. Rdd8 Rxd8
41. Rxd8+ Bf8 42. Bg3 h6 43. Qc8 Kg7 44. Ba2 h5 45. Qc4 Kh6 46. h4 Bg7 47. b4
Re6 48. Rd7 Rc6 49. Qe4 Rd6 50. Rf7 Rd1+ 51. Kh2 Qd6 52. Qb7 1-0

[Event "40th Annual World Open"]
[Site "Philadelphia USA"]
[Date "2012.07.07"]
[Round "7"]
[White "Molner, Mackenzie"]
[Black "Sharevich, Anna"]
[Result "1-0"]
[WhiteTitle "IM"]
[BlackTitle "WGM"]
[WhiteElo "2479"]
[BlackElo "2258"]
[WhiteFideId "2021722"]
[BlackFideId "13503189"]
[EventDate "2012.07.03"]
[EventType "swiss"]

1. e4 c5 2. Nf3 e6 3. d4 cxd4 4. Nxd4 a6 5. Bd3 Ne7 6. O-O Nbc6 7. Nxc6 Nxc6 8.
Qg4 h5 9. Qe2 Qc7 10. Nd2 Bd6 11. Nf3 b6 12. c3 Bb7 13. Be3 Bf4 14. Rad1 Ne7 15.
Rfe1 Bxe3 16. Qxe3 Qc5 17. Qxc5 bxc5 18. Ne5 d5 19. Bc2 Rc8 20. Ba4+ Kf8 21.
exd5 Nxd5 22. c4 Nf6 23. Rd6 Ke7 24. Rb6 Rc7 25. Rd1 Rd8 26. Rxd8 Kxd8 27. f3
Kc8 28. Kf2 Kd8 29. h4 Ke7 30. Ke3 Ne8 31. Bxe8 Kxe8 32. Nd3 Bc8 33. Kf4 f6 34.
Ke3 Kf7 35. Rb3 e5 36. Rb6 Be6 37. b3 Bc8 38. Nf2 Ke7 39. Ne4 f5 40. Ng5 a5 41.
Rg6 Kf8 42. Ne6+ Bxe6 43. Rxe6 Kf7 44. Rxe5 g6 45. Kf4 a4 46. bxa4 Ra7 47. Rxc5
Rxa4 48. Rc7+ Kf6 49. Rc6+ Kf7 50. Kg5 Rxa2 51. Rf6+ Ke7 52. Rxg6 Rxg2+ 53. Kxf5
Rc2 54. Re6+ Kf7 55. Re4 Rc3 56. Rf4 Re3 57. Kg5+ Kg7 58. Kxh5 Re5+ 59. Kg4 Rc5
60. Kg3 1-0